[Event "WYCC Girls U18"]
[Site "Porto Carras"]
[Date "2015.10.28"]
[Round "4.2"]
[White "Harazinska, Ewa"]
[Black "Ivanova, Simoneta"]
[Result "1-0"]
[BlackElo "2121"]
[WhiteElo "2087"]
[LiveChessVersion "1.4.6"]

1. Nf3 {[%clk 1:30:58]} Nf6 {[%clk 1:26:34]} 2. c4 {[%clk 1:31:13]} c5
{[%clk 1:26:27]} 3. d4 {[%clk 1:31:30]} cxd4 {[%clk 1:26:05]} 4. Nxd4
{[%clk 1:31:54]} g6 {[%clk 1:20:48]} 5. Nc3 {[%clk 1:30:27]} Bg7 {[%clk 1:21:00]}
6. e4 {[%clk 1:29:10]} d6 {[%clk 1:21:18]} 7. Be2 {[%clk 1:29:22]} O-O
{[%clk 1:21:43]} 8. O-O {[%clk 1:29:44]} Nc6 {[%clk 1:21:23]} 9. Nc2
{[%clk 1:28:28]} Nd7 {[%clk 1:21:07]} 10. Be3 {[%clk 1:26:41]} Nc5
{[%clk 1:11:45]} 11. f3 {[%clk 1:23:41]} Bd7 {[%clk 0:55:10]} 12. Qd2
{[%clk 1:20:00]} Ne6 {[%clk 0:51:37]} 13. Rac1 {[%clk 1:16:15]} Rc8
{[%clk 0:50:14]} 14. Rfd1 {[%clk 1:10:23]} b6 {[%clk 0:45:55]} 15. b3
{[%clk 0:59:24]} Qc7 {[%clk 0:45:04]} 16. Nd5 {[%clk 0:56:53]} Qb7
{[%clk 0:44:50]} 17. b4 {[%clk 0:47:32]} Rfe8 {[%clk 0:43:15]} 18. f4
{[%clk 0:39:05]} Nc7 {[%clk 0:37:10]} 19. Bf3 {[%clk 0:34:29]} Rcd8
{[%clk 0:28:17]} 20. Qf2 {[%clk 0:31:59]} e6 {[%clk 0:25:47]} 21. Nxc7
{[%clk 0:29:37]} Qxc7 {[%clk 0:26:16]} 22. a3 {[%clk 0:28:54]} Bc8
{[%clk 0:23:33]} 23. Na1 {[%clk 0:27:04]} Bb7 {[%clk 0:21:20]} 24. Nb3
{[%clk 0:27:23]} Qb8 {[%clk 0:19:07]} 25. Rc2 {[%clk 0:27:09]} Ne7
{[%clk 0:16:29]} 26. Bd4 {[%clk 0:21:43]} e5 {[%clk 0:05:06]} 27. Be3
{[%clk 0:32:14]} Qa8 {[%clk 0:05:06]} 28. Rcd2 {[%clk 0:32:14]} Bxe4
{[%clk 0:05:06]} 29. Rxd6 {[%clk 0:32:14]} Rxd6 {[%clk 0:05:06]} 30. Rxd6
{[%clk 0:32:14]} Nf5 {[%clk 0:05:06]} 31. Rd1 {[%clk 0:32:14]} Bxf3
{[%clk 0:05:06]} 32. gxf3 {[%clk 0:32:14]} Bh6 {[%clk 0:05:06]} 33. Bc1
{[%clk 0:32:14]} exf4 {[%clk 0:05:06]} 34. Bb2 {[%clk 0:32:14]} Ne3
{[%clk 0:05:06]} 35. Rc1 {[%clk 0:32:14]} Qd8 {[%clk 0:05:06]} 36. Ba1
{[%clk 0:32:14]} Bg7 {[%clk 0:05:06]} 37. Bxg7 {[%clk 0:32:14]} Kxg7
{[%clk 0:05:06]} 38. c5 {[%clk 0:32:14]} Qg5+ {[%clk 0:05:06]} 39. Kh1
{[%clk 0:32:14]} Qd5 {[%clk 0:05:06]} 40. Qb2+ Kg8 41. Nd2 {[%clk 0:32:14]} Qh5
{[%clk 0:26:08]} 42. Qd4 {[%clk 0:22:58]} Nd5 {[%clk 0:20:09]} 43. Qf2
{[%clk 0:23:14]} Ne3 {[%clk 0:16:24]} 44. c6 {[%clk 0:20:21]} Qe5
{[%clk 0:13:25]} 45. Ne4 {[%clk 0:15:50]} Rc8 {[%clk 0:08:20]} 46. Qd2
{[%clk 0:14:07]} Kg7 {[%clk 0:06:34]} 47. b5 {[%clk 0:10:54]} Rc7
{[%clk 0:05:44]} 48. a4 {[%clk 0:10:53]} Qh5 {[%clk 0:04:03]} 49. Qb2+
{[%clk 0:09:42]} Kh6 {[%clk 0:03:56]} 50. Qf2 {[%clk 0:10:01]} Kg7
{[%clk 0:04:10]} 51. Rg1 {[%clk 0:07:56]} Qe5 {[%clk 0:04:05]} 52. Qd2
{[%clk 0:08:06]} h6 {[%clk 0:02:03]} 53. Rc1 {[%clk 0:07:56]} Nd5
{[%clk 0:01:14]} 54. Rd1 {[%clk 0:07:36]} Nf6 {[%clk 0:00:42]} 55. Nxf6
{[%clk 0:05:41]} Qxf6 {[%clk 0:01:11]} 56. Qd5 {[%clk 0:05:44]} Qc3
{[%clk 0:01:01]} 57. Kg2 {[%clk 0:05:40]} Re7 {[%clk 0:00:47]} 58. Qd4+
{[%clk 0:03:36]} Qxd4 {[%clk 0:01:12]} 59. Rxd4 {[%clk 0:04:05]} Kf6
{[%clk 0:00:44]} 60. Rxf4+ {[%clk 0:04:19]} Kg5 {[%clk 0:01:10]} 61. Re4
{[%clk 0:03:51]} Rc7 {[%clk 0:01:34]} 62. Rd4 {[%clk 0:04:03]} Kf6
{[%clk 0:01:55]} 63. Kg3 {[%clk 0:03:44]} h5 {[%clk 0:01:04]} 64. h4
{[%clk 0:04:05]} Re7 {[%clk 0:00:41]} 65. Rd6+ {[%clk 0:04:13]} Ke5
{[%clk 0:00:48]} 66. Rd7 {[%clk 0:04:10]} Ke6 {[%clk 0:01:15]} 67. Rxe7+
{[%clk 0:04:04]} Kxe7 {[%clk 0:01:44]} 68. f4 {[%clk 0:04:22]} Kd6
{[%clk 0:00:50]} 69. f5 {[%clk 0:04:09]} gxf5 {[%clk 0:01:14]} 70. Kf4
{[%clk 0:04:38]} Ke6 {[%clk 0:01:27]} 71. Kg5 {[%clk 0:04:48]} f6+
{[%clk 0:01:06]} 72. Kf4 {[%clk 0:05:13]} Kd6 {[%clk 0:00:50]} 73. Kxf5
{[%clk 0:05:31]} Ke7 {[%clk 0:01:09]} 74. Kg6 {[%clk 0:05:50]} Ke6
{[%clk 0:01:13]} 75. Kxh5 {[%clk 0:06:15]} f5 {[%clk 0:01:17]} 76. Kg5
{[%clk 0:06:39]} 1-0

[Event "WYCC Girls U18"]
[Site "Porto Carras"]
[Date "2015.10.28"]
[Round "4.3"]
[White "Mahalakshmi, M"]
[Black "Gueci, Tea"]
[Result "1/2-1/2"]
[BlackElo "2110"]
[WhiteElo "2019"]
[LiveChessVersion "1.4.6"]

1. d4 {[%clk 1:30:55]} Nf6 {[%clk 1:30:56]} 2. c4 {[%clk 1:31:08]} c5
{[%clk 1:31:23]} 3. d5 {[%clk 1:31:32]} e6 {[%clk 1:31:48]} 4. Nc3
{[%clk 1:31:56]} exd5 {[%clk 1:32:15]} 5. cxd5 {[%clk 1:32:17]} d6
{[%clk 1:32:42]} 6. e4 {[%clk 1:32:40]} g6 {[%clk 1:33:09]} 7. h3
{[%clk 1:33:05]} Bg7 {[%clk 1:33:33]} 8. Nf3 {[%clk 1:33:30]} O-O
{[%clk 1:33:59]} 9. Bd3 {[%clk 1:33:56]} b5 {[%clk 1:34:22]} 10. Nxb5
{[%clk 1:34:00]} Re8 {[%clk 1:34:48]} 11. O-O {[%clk 1:33:34]} Nxe4
{[%clk 1:35:00]} 12. Re1 {[%clk 1:33:05]} a6 {[%clk 1:33:48]} 13. Na3
{[%clk 1:33:27]} Nf6 {[%clk 1:34:08]} 14. Rxe8+ {[%clk 1:32:56]} Nxe8
{[%clk 1:32:19]} 15. Bg5 {[%clk 1:32:43]} Qc7 {[%clk 1:23:14]} 16. Nc4
{[%clk 1:21:34]} Nd7 {[%clk 1:20:36]} 17. Bc2 {[%clk 1:11:53]} Bb7
{[%clk 1:13:17]} 18. Qd2 {[%clk 1:03:39]} Nef6 {[%clk 1:06:42]} 19. Ne3
{[%clk 0:53:53]} Nb6 {[%clk 1:01:32]} 20. Bxf6 {[%clk 0:51:31]} Bxf6
{[%clk 1:01:28]} 21. Rd1 {[%clk 0:51:24]} Re8 {[%clk 0:58:06]} 22. Bb3
{[%clk 0:47:13]} 1/2-1/2

[Event "WYCC Girls U18"]
[Site "Porto Carras"]
[Date "2015.10.28"]
[Round "4.4"]
[White "Velikic, Adela"]
[Black "Trippold, Denise"]
[Result "1/2-1/2"]
[BlackElo "1982"]
[WhiteElo "2363"]
[LiveChessVersion "1.4.6"]

1. e4 {[%clk 1:30:57]} c5 {[%clk 1:30:50]} 2. Nf3 {[%clk 1:31:20]} e6
{[%clk 1:31:10]} 3. d4 {[%clk 1:31:44]} cxd4 {[%clk 1:31:31]} 4. Nxd4
{[%clk 1:32:09]} Nc6 {[%clk 1:31:45]} 5. Nc3 {[%clk 1:32:29]} Qc7
{[%clk 1:31:58]} 6. Be2 {[%clk 1:32:47]} a6 {[%clk 1:32:15]} 7. O-O
{[%clk 1:33:07]} Nf6 {[%clk 1:32:26]} 8. Kh1 {[%clk 1:33:28]} Be7
{[%clk 1:31:30]} 9. Be3 {[%clk 1:33:40]} d6 {[%clk 1:31:24]} 10. f4
{[%clk 1:33:59]} O-O {[%clk 1:31:37]} 11. Qe1 {[%clk 1:34:07]} Nxd4
{[%clk 1:31:39]} 12. Bxd4 {[%clk 1:34:30]} b5 {[%clk 1:31:52]} 13. a3
{[%clk 1:34:15]} Bb7 {[%clk 1:31:46]} 14. Qg3 {[%clk 1:34:24]} Rad8
{[%clk 1:31:18]} 15. Bf3 {[%clk 1:31:24]} Rd7 {[%clk 1:29:23]} 16. Rae1
{[%clk 1:29:03]} Re8 {[%clk 1:27:55]} 17. e5 {[%clk 1:20:42]} dxe5
{[%clk 1:26:03]} 18. Bxe5 {[%clk 1:21:04]} Qd8 {[%clk 1:23:38]} 19. Bxb7
{[%clk 1:18:19]} Rxb7 {[%clk 1:23:39]} 20. f5 {[%clk 1:16:54]} exf5
{[%clk 1:08:43]} 21. Rxf5 {[%clk 1:07:44]} Bd6 {[%clk 1:00:05]} 22. Nd5
{[%clk 0:17:43]} Bxe5 {[%clk 0:53:34]} 23. Rfxe5 {[%clk 0:17:52]} Rxe5
{[%clk 0:40:31]} 24. Qxe5 {[%clk 0:18:14]} Rd7 {[%clk 0:37:47]} 25. Nxf6+ gxf6
{[%clk 0:38:08]} 26. Qe4 {[%clk 0:12:42]} Rd4 {[%clk 0:35:26]} 27. Qf3
{[%clk 0:10:48]} Qd6 {[%clk 0:29:20]} 28. c3 {[%clk 0:06:49]} Rd5
{[%clk 0:25:07]} 29. Qg4+ {[%clk 0:01:55]} Rg5 {[%clk 0:23:10]} 30. Qf3
{[%clk 0:01:32]} Qd2 {[%clk 0:18:22]} 31. Rg1 {[%clk 0:01:24]} Qxb2
{[%clk 0:12:32]} 32. Qxf6 {[%clk 0:01:37]} Rg6 {[%clk 0:12:44]} 33. Qd8+
{[%clk 0:01:41]} Kg7 {[%clk 0:13:10]} 34. Qd4+ {[%clk 0:01:36]} Kg8
{[%clk 0:10:59]} 35. Qd8+ {[%clk 0:01:03]} Kg7 {[%clk 0:11:25]} 36. Qd4+
{[%clk 0:00:45]} 1/2-1/2

[Event "WYCC Girls U18"]
[Site "Porto Carras"]
[Date "2015.10.28"]
[Round "4.5"]
[White "Parnali, S Dharia"]
[Black "Uuriintuya, Uurtsaikh"]
[Result "0-1"]
[BlackElo "2237"]
[WhiteElo "2130"]
[LiveChessVersion "1.4.6"]

1. d4 {[%clk 1:30:54]} Nf6 {[%clk 1:30:55]} 2. c4 {[%clk 1:31:08]} g6
{[%clk 1:31:07]} 3. Nc3 {[%clk 1:31:28]} Bg7 4. e4 {[%clk 1:31:03]} d6
{[%clk 1:31:51]} 5. Nf3 {[%clk 1:30:31]} O-O {[%clk 1:32:07]} 6. Be2
{[%clk 1:30:56]} Na6 {[%clk 1:32:20]} 7. O-O {[%clk 1:30:19]} e5 {[%clk 1:32:41]}
8. d5 {[%clk 1:27:59]} Nc5 {[%clk 1:32:41]} 9. Qc2 {[%clk 1:28:22]} a5
{[%clk 1:33:02]} 10. b3 {[%clk 1:28:36]} Ne8 {[%clk 1:30:42]} 11. a3
{[%clk 1:19:52]} b6 {[%clk 1:24:27]} 12. Be3 {[%clk 1:17:10]} f5 {[%clk 1:24:40]}
13. b4 {[%clk 1:17:34]} Na6 {[%clk 1:23:15]} 14. Qb3 {[%clk 1:04:15]} f4
{[%clk 1:23:26]} 15. Bd2 {[%clk 1:03:15]} g5 {[%clk 1:22:51]} 16. Rfc1
{[%clk 0:56:19]} g4 {[%clk 1:03:01]} 17. Ne1 {[%clk 0:56:37]} Kh8
{[%clk 0:55:29]} 18. Na4 {[%clk 0:50:52]} Qh4 {[%clk 0:49:25]} 19. c5
{[%clk 0:48:53]} dxc5 {[%clk 0:46:33]} 20. bxc5 {[%clk 0:41:29]} bxc5
{[%clk 0:45:11]} 21. Nxc5 {[%clk 0:39:27]} Nxc5 {[%clk 0:44:39]} 22. Rxc5
{[%clk 0:39:43]} a4 {[%clk 0:37:23]} 23. Qc3 {[%clk 0:34:57]} Nd6
{[%clk 0:34:22]} 24. Bd3 {[%clk 0:31:29]} g3 {[%clk 0:26:56]} 25. hxg3 fxg3
{[%clk 0:27:13]} 26. f3 {[%clk 0:29:09]} Qh2+ {[%clk 0:24:53]} 27. Kf1
{[%clk 0:29:06]} Bh3 {[%clk 0:24:19]} 28. Ke2 {[%clk 0:23:21]} Bxg2
{[%clk 0:23:19]} 29. Kd1 {[%clk 0:21:19]} Bxf3+ {[%clk 0:22:59]} 30. Kc2
{[%clk 0:20:45]} Nxe4 {[%clk 0:22:59]} 31. Nxf3 {[%clk 0:19:36]} Rxf3
{[%clk 0:22:52]} 32. Bxe4 {[%clk 0:18:33]} Rxc3+ {[%clk 0:22:58]} 33. Kxc3
{[%clk 0:17:33]} Qf2 {[%clk 0:22:13]} 34. Rxc7 {[%clk 0:16:21]} Qd4+
{[%clk 0:22:31]} 35. Kc2 {[%clk 0:16:48]} Qxe4+ {[%clk 0:22:50]} 0-1

[Event "WYCC Girls U18"]
[Site "Porto Carras"]
[Date "2015.10.28"]
[Round "4.6"]
[White "Styazhkina, Anna"]
[Black "Bellaiche, Elise"]
[Result "1-0"]
[BlackElo "2154"]
[WhiteElo "2318"]
[LiveChessVersion "1.4.6"]

1. e4 {[%clk 1:30:55]} c5 {[%clk 1:30:47]} 2. Nf3 {[%clk 1:31:16]} e6
{[%clk 1:30:46]} 3. d4 {[%clk 1:31:22]} cxd4 {[%clk 1:31:04]} 4. Nxd4
{[%clk 1:31:43]} Nf6 {[%clk 1:31:00]} 5. Nc3 {[%clk 1:32:00]} Nc6
{[%clk 1:30:41]} 6. Ndb5 {[%clk 1:31:49]} Bb4 {[%clk 1:30:42]} 7. a3
{[%clk 1:32:03]} Bxc3+ {[%clk 1:30:52]} 8. Nxc3 {[%clk 1:32:24]} d5
{[%clk 1:31:00]} 9. exd5 {[%clk 1:32:35]} exd5 {[%clk 1:31:09]} 10. Bd3
{[%clk 1:32:30]} O-O {[%clk 1:30:57]} 11. O-O {[%clk 1:32:25]} d4
{[%clk 1:30:53]} 12. Ne2 {[%clk 1:30:55]} Bg4 {[%clk 1:30:34]} 13. f3
{[%clk 1:28:52]} Bh5 {[%clk 1:30:08]} 14. Bg5 {[%clk 1:23:41]} Bg6
{[%clk 1:25:50]} 15. Nf4 {[%clk 1:20:25]} Bxd3 {[%clk 1:11:56]} 16. Nxd3
{[%clk 1:19:54]} Qd6 {[%clk 1:11:05]} 17. Bf4 {[%clk 1:16:20]} Qd7
{[%clk 1:01:05]} 18. Re1 {[%clk 1:08:29]} Rfe8 {[%clk 0:48:18]} 19. Qd2
{[%clk 1:07:17]} Qf5 {[%clk 0:47:18]} 20. Bg3 {[%clk 1:03:42]} Nd5
{[%clk 0:39:10]} 21. Bf2 {[%clk 1:02:52]} b6 {[%clk 0:34:56]} 22. b4
{[%clk 1:01:01]} b5 {[%clk 0:19:59]} 23. Nc5 {[%clk 0:56:36]} Nf4
{[%clk 0:16:23]} 24. Bg3 {[%clk 0:47:48]} Nd5 {[%clk 0:14:16]} 25. Ne4
{[%clk 0:47:36]} Qg6 {[%clk 0:08:09]} 26. Bf2 {[%clk 0:28:27]} f5
{[%clk 0:05:52]} 27. Ng3 {[%clk 0:28:21]} f4 {[%clk 0:04:41]} 28. Ne2
{[%clk 0:28:20]} Rxe2 {[%clk 0:02:09]} 29. Qxe2 {[%clk 0:28:02]} Ne3
{[%clk 0:02:08]} 30. Bxe3 {[%clk 0:27:34]} dxe3 {[%clk 0:01:24]} 31. Qxb5
{[%clk 0:26:33]} Kh8 {[%clk 0:01:53]} 32. Qc4 {[%clk 0:25:57]} Ne5
{[%clk 0:00:53]} 33. Qxf4 {[%clk 0:25:35]} Re8 {[%clk 0:00:34]} 34. Rxe3
{[%clk 0:24:47]} Qb6 {[%clk 0:00:39]} 35. Kh1 {[%clk 0:24:36]} 1-0

[Event "WYCC Girls U18"]
[Site "Porto Carras"]
[Date "2015.10.28"]
[Round "4.7"]
[White "Fuentes Godoy, Lilia Ivonne"]
[Black "Blagojevic, Tijana"]
[Result "0-1"]
[BlackElo "2315"]
[WhiteElo "1997"]
[LiveChessVersion "1.4.6"]

1. d4 {[%clk 1:30:56]} d5 {[%clk 1:30:46]} 2. c4 {[%clk 1:31:21]} c6
{[%clk 1:31:10]} 3. cxd5 {[%clk 1:31:45]} cxd5 {[%clk 1:31:35]} 4. Bf4
{[%clk 1:32:09]} Nc6 {[%clk 1:31:02]} 5. Nc3 {[%clk 1:32:22]} Nf6
{[%clk 1:30:58]} 6. e3 {[%clk 1:32:34]} Bg4 {[%clk 1:30:48]} 7. Qb3
{[%clk 1:32:47]} Na5 {[%clk 1:30:31]} 8. Qa4+ {[%clk 1:33:10]} Bd7
{[%clk 1:30:29]} 9. Qc2 {[%clk 1:33:25]} e6 {[%clk 1:30:22]} 10. Bd3
{[%clk 1:32:17]} Nc6 {[%clk 1:27:39]} 11. Qe2 {[%clk 1:15:43]} Be7
{[%clk 1:21:03]} 12. Nf3 {[%clk 1:15:22]} Rc8 {[%clk 1:14:04]} 13. O-O
{[%clk 1:04:34]} Nh5 {[%clk 1:08:13]} 14. Be5 {[%clk 0:58:14]} O-O
{[%clk 1:06:44]} 15. g4 {[%clk 0:29:59]} Nf6 {[%clk 1:05:43]} 16. h3
{[%clk 0:29:44]} Nxe5 {[%clk 0:53:46]} 17. Nxe5 {[%clk 0:26:41]} Bb4
{[%clk 0:50:21]} 18. Rac1 {[%clk 0:19:34]} Be8 {[%clk 0:48:36]} 19. f4
{[%clk 0:15:18]} Nd7 {[%clk 0:45:35]} 20. Nf3 {[%clk 0:15:35]} Qe7
{[%clk 0:37:44]} 21. Kh1 {[%clk 0:12:29]} Nb6 {[%clk 0:37:32]} 22. Qf2
{[%clk 0:10:38]} g6 {[%clk 0:32:36]} 23. g5 {[%clk 0:08:48]} f5 {[%clk 0:29:42]}
24. gxf6 {[%clk 0:08:54]} Qxf6 {[%clk 0:30:07]} 25. Rg1 {[%clk 0:07:34]} Nc4
{[%clk 0:28:52]} 26. Bxc4 {[%clk 0:05:25]} Rxc4 {[%clk 0:28:02]} 27. Ne5
{[%clk 0:04:30]} Qf5 {[%clk 0:19:06]} 28. Nxc4 {[%clk 0:04:27]} Qxh3+
{[%clk 0:19:34]} 29. Qh2 Qf3+ 30. Rg2 {[%clk 0:04:20]} dxc4 {[%clk 0:20:02]} 31.
Qg3 Bc6 32. d5 {[%clk 0:01:39]} Bxd5 {[%clk 0:19:28]} 33. Nxd5 {[%clk 0:01:46]}
Qxd5 {[%clk 0:19:57]} 34. Qg5 {[%clk 0:01:01]} Rf5 {[%clk 0:20:27]} 35. Qg4
{[%clk 0:00:33]} Bd2 {[%clk 0:20:28]} 36. Rc2 {[%clk 0:00:32]} Bxe3
{[%clk 0:18:46]} 37. Kh2 {[%clk 0:00:31]} Bxf4+ {[%clk 0:18:45]} 38. Kg1
{[%clk 0:00:35]} Be3+ {[%clk 0:18:17]} 39. Rcf2 {[%clk 0:00:32]} Bxf2+
{[%clk 0:17:56]} 40. Rxf2 {[%clk 0:30:22]} Qc5 {[%clk 0:47:50]} 0-1

[Event "WYCC Girls U18"]
[Site "Porto Carras"]
[Date "2015.10.28"]
[Round "4.8"]
[White "Khomeriki, Nino"]
[Black "Fuskova, Martina"]
[Result "1-0"]
[BlackElo "2050"]
[WhiteElo "2295"]
[LiveChessVersion "1.4.6"]

1. Nf3 {[%clk 1:30:56]} Nf6 {[%clk 1:30:52]} 2. c4 {[%clk 1:31:01]} e6
{[%clk 1:31:14]} 3. g3 {[%clk 1:31:26]} a6 {[%clk 1:31:30]} 4. b3
{[%clk 1:31:38]} c5 {[%clk 1:27:16]} 5. Bg2 {[%clk 1:30:32]} b5 {[%clk 1:27:30]}
6. Nc3 {[%clk 1:30:30]} Qb6 {[%clk 1:26:09]} 7. O-O {[%clk 1:30:48]} Bb7
{[%clk 1:24:39]} 8. Re1 {[%clk 1:30:46]} Be7 {[%clk 1:23:51]} 9. e4
{[%clk 1:30:38]} d6 {[%clk 1:19:18]} 10. d4 {[%clk 1:30:52]} cxd4
{[%clk 1:09:35]} 11. Nxd4 {[%clk 1:31:16]} Nc6 {[%clk 1:07:35]} 12. Be3
{[%clk 1:19:10]} Nxd4 {[%clk 1:06:08]} 13. Bxd4 {[%clk 1:19:30]} Qc7
{[%clk 0:57:32]} 14. cxb5 {[%clk 1:09:03]} e5 {[%clk 0:48:30]} 15. b6
{[%clk 1:06:11]} Qd8 {[%clk 0:39:04]} 16. Be3 {[%clk 1:04:46]} O-O
{[%clk 0:39:10]} 17. Qd2 {[%clk 0:51:59]} Ng4 {[%clk 0:37:20]} 18. Bf1
{[%clk 0:38:06]} Nxe3 {[%clk 0:34:18]} 19. Qxe3 {[%clk 0:36:48]} Bg5
{[%clk 0:34:25]} 20. f4 {[%clk 0:36:12]} exf4 {[%clk 0:34:16]} 21. gxf4
{[%clk 0:36:34]} Bf6 {[%clk 0:33:53]} 22. Rac1 {[%clk 0:31:57]} Re8
{[%clk 0:32:26]} 23. Bg2 {[%clk 0:29:22]} Rc8 {[%clk 0:29:21]} 24. Na4
{[%clk 0:27:22]} Qe7 {[%clk 0:27:50]} 25. Rxc8 {[%clk 0:23:09]} Rxc8
{[%clk 0:27:50]} 26. e5 {[%clk 0:18:21]} dxe5 {[%clk 0:27:22]} 27. Bxb7
{[%clk 0:18:28]} Qxb7 {[%clk 0:27:44]} 28. fxe5 {[%clk 0:18:54]} Re8
{[%clk 0:23:55]} 29. Qc3 {[%clk 0:13:14]} Qd5 {[%clk 0:17:30]} 30. exf6
{[%clk 0:03:19]} Qg5+ {[%clk 0:17:42]} 31. Kf1 {[%clk 0:03:24]} Qf5+
{[%clk 0:17:13]} 32. Kg2 {[%clk 0:03:31]} Qd5+ {[%clk 0:13:42]} 33. Kf2
{[%clk 0:03:27]} Qf5+ {[%clk 0:14:03]} 34. Qf3 {[%clk 0:02:22]} Qxf3+
{[%clk 0:13:35]} 35. Kxf3 {[%clk 0:02:51]} Rxe1 {[%clk 0:13:47]} 36. Nc5
{[%clk 0:03:00]} Rf1+ {[%clk 0:10:51]} 37. Ke4 {[%clk 0:02:55]} Rxf6
{[%clk 0:10:49]} 38. Nd7 {[%clk 0:03:19]} Re6+ {[%clk 0:09:48]} 39. Kf4
{[%clk 0:03:23]} 1-0

[Event "WYCC Girls U18"]
[Site "Porto Carras"]
[Date "2015.10.28"]
[Round "4.9"]
[White "Wozniak, Mariola"]
[Black "Janzelj, Lara"]
[Result "1-0"]
[BlackElo "2066"]
[WhiteElo "2211"]
[LiveChessVersion "1.4.6"]

1. e4 {[%clk 1:30:59]} d6 {[%clk 1:30:55]} 2. Nc3 {[%clk 1:31:24]} Nf6
{[%clk 1:31:08]} 3. f4 {[%clk 1:31:49]} c5 {[%clk 1:31:24]} 4. Nf3
{[%clk 1:32:09]} Nc6 {[%clk 1:30:59]} 5. Bc4 {[%clk 1:25:53]} e6 {[%clk 1:23:17]}
6. O-O {[%clk 1:21:03]} Be7 {[%clk 1:20:03]} 7. a4 {[%clk 1:18:26]} O-O
{[%clk 1:20:03]} 8. Ba2 {[%clk 1:18:24]} b6 {[%clk 1:18:14]} 9. Kh1
{[%clk 1:15:47]} Ba6 {[%clk 1:17:57]} 10. d3 {[%clk 1:16:00]} d5 {[%clk 1:16:08]}
11. e5 {[%clk 1:09:04]} Nd7 {[%clk 1:13:41]} 12. Nb5 {[%clk 1:04:41]} Kh8
{[%clk 1:09:44]} 13. d4 {[%clk 1:01:36]} cxd4 {[%clk 1:08:18]} 14. Nfxd4
{[%clk 1:01:30]} Nxd4 {[%clk 1:07:09]} 15. Qxd4 {[%clk 1:01:48]} Bc5
{[%clk 1:06:10]} 16. Qd3 {[%clk 1:00:41]} Qe7 {[%clk 1:03:26]} 17. c3
{[%clk 0:59:37]} f6 {[%clk 1:00:22]} 18. Bb1 {[%clk 0:57:34]} f5 {[%clk 0:58:13]}
19. b4 {[%clk 0:57:53]} Bxb4 {[%clk 0:57:20]} 20. cxb4 {[%clk 0:58:17]} Rfc8
{[%clk 0:57:21]} 21. Bd2 {[%clk 0:54:41]} Rc6 {[%clk 0:56:01]} 22. Qe2
{[%clk 0:54:05]} Rac8 {[%clk 0:54:49]} 23. Bd3 {[%clk 0:54:28]} Bxb5
{[%clk 0:54:57]} 24. Bxb5 {[%clk 0:54:02]} 1-0

[Event "WYCC Girls U18"]
[Site "Porto Carras"]
[Date "2015.10.28"]
[Round "4.10"]
[White "Gholami Orimi, Anahita"]
[Black "Amrayeva, Aytan"]
[Result "1/2-1/2"]
[BlackElo "2193"]
[WhiteElo "2058"]
[LiveChessVersion "1.4.6"]

1. d4 {[%clk 1:30:52]} Nf6 {[%clk 1:30:48]} 2. c4 {[%clk 1:31:17]} g6
{[%clk 1:31:09]} 3. Nc3 {[%clk 1:31:28]} Bg7 {[%clk 1:31:16]} 4. e4
{[%clk 1:31:48]} d6 {[%clk 1:31:44]} 5. f3 {[%clk 1:31:59]} O-O {[%clk 1:30:44]}
6. Be3 {[%clk 1:32:00]} c6 {[%clk 1:30:17]} 7. Nge2 {[%clk 1:31:37]} Ne8
{[%clk 1:29:17]} 8. Qd2 {[%clk 1:27:19]} f5 {[%clk 1:28:38]} 9. O-O-O
{[%clk 1:23:20]} fxe4 {[%clk 1:25:41]} 10. fxe4 {[%clk 1:22:51]} b5
{[%clk 1:23:38]} 11. cxb5 {[%clk 1:17:45]} cxb5 {[%clk 1:23:59]} 12. Nxb5
{[%clk 1:16:14]} Nf6 {[%clk 1:24:05]} 13. Nec3 {[%clk 1:09:38]} a6
{[%clk 1:20:20]} 14. Na3 {[%clk 1:06:34]} Ng4 {[%clk 1:19:41]} 15. Bc4+
{[%clk 1:03:05]} Kh8 {[%clk 1:19:30]} 16. Rdf1 {[%clk 1:00:06]} Nxe3
{[%clk 1:18:30]} 17. Qxe3 {[%clk 1:00:07]} Nc6 {[%clk 1:17:21]} 18. Nc2
{[%clk 0:54:57]} Bd7 {[%clk 1:16:19]} 19. Rxf8+ {[%clk 0:53:27]} Qxf8
{[%clk 1:16:29]} 20. Rf1 {[%clk 0:53:12]} Qd8 {[%clk 1:16:14]} 21. Rf7
{[%clk 0:46:05]} Rb8 {[%clk 1:11:02]} 22. h4 {[%clk 0:32:21]} Na5
{[%clk 1:04:15]} 23. Qd3 {[%clk 0:32:37]} Nxc4 {[%clk 1:03:03]} 24. Qxc4
{[%clk 0:29:37]} Qb6 {[%clk 0:58:07]} 25. b3 {[%clk 0:28:16]} Rc8
{[%clk 0:46:18]} 26. Qd3 {[%clk 0:25:17]} Qd8 {[%clk 0:42:55]} 27. Rf2
{[%clk 0:24:54]} e6 28. g3 {[%clk 0:22:35]} a5 {[%clk 0:27:13]} 29. Kb2
{[%clk 0:19:32]} Be8 {[%clk 0:25:07]} 30. Nd1 {[%clk 0:18:20]} Qb6
{[%clk 0:23:52]} 31. Nc3 {[%clk 0:17:24]} Kg8 {[%clk 0:17:02]} 32. g4 Qc7 33. b4
1/2-1/2